Loading...

Arguments for a better world : essays in honor of Amartya Sen

Bibliographic Details
Other Authors: Basu, Kaushik, Kanbur, S. M. Ravi, Sen, Amartya
Format: Printed Book
Published: Oxford ; New York : Oxford University Press, 2009.
Subjects:
LEADER 00854cam a2200217 a 4500
020 |a 9780199239993  
020 |a 9780199239115  
082 0 0 |a 330  |b ARG 
245 0 0 |a Arguments for a better world : essays in honor of Amartya Sen 
260 |a Oxford ;  |a New York :  |b Oxford University Press,  |c 2009. 
300 |a 2 v. :  |b ill. ; 
650 0 |a Welfare economics. 
650 0 |a Institutional economics. 
650 0 |a Economics 
700 1 |a Basu, Kaushik. 
700 1 |a Kanbur, S. M. Ravi 
700 1 |a Sen, Amartya, 
942 |c BK 
999 |c 37098  |d 37098 
952 |0 0  |1 0  |4 0  |6 330_000000000000000_ARG  |7 0  |8 Stack  |9 39285  |a KUCL  |b KUCL  |c Stack  |d 2015-12-29  |l 4  |o 330 ARG  |p 36745  |r 2017-11-25  |s 2017-10-21  |w 2015-12-29  |y BK 
952 |0 0  |1 0  |4 0  |6 330_000000000000000_ARG  |7 0  |8 Stack  |9 39308  |a KUCL  |b KUCL  |c Stack  |d 2015-12-29  |l 1  |m 1  |o 330 ARG  |p 36746  |r 2018-02-03  |s 2017-11-25  |w 2015-12-29  |y BK